[Event "ESCC 2014 - 50+ Blitz"]
[Site "Porto POR"]
[Date "2014.03.21"]
[Round "4.2"]
[White "Glek, Igor"]
[Black "Strutinskaia, Galina"]
[Result "1-0"]
[WhiteElo "2547"]
[BlackElo "2286"]
[PlyCount "151"]
[EventDate "2014.??.??"]

1. e4 c5 2. Nf3 e6 3. d3 Nc6 4. g3 g6 5. Bg5 f6 6. Bd2 Bg7 7. Bg2 Nge7 8. O-O
O-O 9. Re1 a6 10. c3 d5 11. Na3 b5 12. Nc2 Rb8 13. Be3 c4 14. exd5 Nxd5 15.
dxc4 bxc4 16. Rb1 Qa5 17. a3 Rd8 18. Qe2 e5 19. Qxc4 Nce7 20. Bc5 Kh8 21. Nb4
Bf5 22. Rbd1 Qb5 23. Qxb5 axb5 24. Nd2 Be6 25. Ne4 Rbc8 26. Bxe7 Nxe7 27. Nd6
Rb8 28. Na6 Bb3 29. Nxb8 Rxb8 30. Rd3 f5 31. Rd2 h5 32. Bf1 Bh6 33. f4 e4 34.
Bxb5 Bf8 35. c4 Ng8 36. Nf7+ Kg7 37. Rd7 Nf6 38. Rc7 Kg8 39. Ne5 Rd8 40. c5 Rd2
41. Bc4+ Bxc4 42. Nxc4 Rc2 43. b3 Rc3 44. Rb1 Nd5 45. Rc6 Kh7 46. a4 e3 47. a5
Nb4 48. Rc7+ Kh6 49. Re1 Rxb3 50. Rxe3 Rb1+ 51. Kg2 Nd5 52. Re8 Nxc7 53. Rxf8
Rc1 54. Ne5 Rxc5 55. Rc8 Kg7 56. Kf3 Rc3+ 57. Ke2 Rc2+ 58. Kd3 Rc5 59. Nc4 Kf7
60. Ke3 Nd5+ 61. Kd4 Rxc8 62. Nd6+ Ke6 63. Nxc8 Nc7 64. Kc5 Kd7 65. Nb6+ Kd8
66. Nd5 Na6+ 67. Kb6 Nb8 68. Nb4 Kd7 69. Kc5 Kc7 70. Kd5 Nd7 71. Ke6 Nc5+ 72.
Kf7 Nb3 73. a6 Kb6 74. Kxg6 Nd2 75. Kxf5 Nf1 76. Kg6 1-0

[Event "ESCC 2014 - 50+ Blitz"]
[Site "Porto POR"]
[Date "2014.03.21"]
[Round "4.3"]
[White "Arkell, Keith C"]
[Black "Ferreira, Paulo"]
[Result "1-0"]
[WhiteElo "2433"]
[BlackElo "2073"]
[PlyCount "85"]
[EventDate "2014.??.??"]

1. d4 Nf6 2. Nf3 d6 3. c4 Nbd7 4. Nc3 e5 5. g3 c6 6. Bg2 Be7 7. O-O O-O 8. e4
Qc7 9. Re1 Re8 10. b3 Bf8 11. Bb2 a5 12. Rc1 exd4 13. Nxd4 Nc5 14. a3 Bg4 15.
f3 Bd7 16. b4 axb4 17. axb4 Ne6 18. Nxe6 Bxe6 19. Na4 Nd7 20. Bd4 c5 21. bxc5
dxc5 22. Bf2 Qa5 23. Nc3 Ne5 24. Nd5 f5 25. h3 fxe4 26. Rxe4 Nc6 27. f4 Rad8
28. Kh2 Nb4 29. Re2 Qa8 30. Qb3 Bxd5 31. Rxe8 Rxe8 32. cxd5 Bd6 33. Qc4 b6 34.
Qb5 Qb8 35. Re1 Rxe1 36. Bxe1 h6 37. Bc3 Qd8 38. h4 Kf7 39. h5 Bc7 40. Qe2 Qe7
41. Qg4 Kg8 42. Qf5 Qf7 43. Qc8+ 1-0

[Event "ESCC 2014 - 50+ Blitz"]
[Site "Porto POR"]
[Date "2014.03.21"]
[Round "4.4"]
[White "Kalegin, Evgenij"]
[Black "Gurieli, Nino"]
[Result "0-1"]
[WhiteElo "2433"]
[BlackElo "2273"]
[PlyCount "72"]
[EventDate "2014.??.??"]

1. e4 d6 2. d4 Nf6 3. Nc3 g6 4. h3 Bg7 5. Be3 O-O 6. f4 c5 7. d5 b5 8. Qf3 b4
9. Nd1 e6 10. c4 bxc3 11. Nxc3 exd5 12. exd5 Re8 13. O-O-O Qa5 14. Bb5 Bd7 15.
Bc4 Bf5 16. Bd2 Nbd7 17. g4 Qb4 18. gxf5 Qxc4 19. fxg6 hxg6 20. Nge2 Ne4 21.
Rhe1 Rab8 22. b3 Nxd2 23. Rxd2 Qb4 24. Kc2 c4 25. Rb1 Nc5 26. bxc4 Qxc4 27.
Rxb8 Rxb8 28. Nc1 Ne4 29. Qxe4 Qxc3+ 30. Kd1 Qxh3 31. Nb3 Qf1+ 32. Qe1 Qxf4 33.
Qf2 Qg4+ 34. Ke1 Bc3 35. Kf1 Bxd2 36. Nxd2 Rb2 0-1

[Event "ESCC 2014 - 50+ Blitz"]
[Site "Porto POR"]
[Date "2014.03.21"]
[Round "4.5"]
[White "Fernandes, António"]
[Black "Furman, Boris"]
[Result "1/2-1/2"]
[WhiteElo "2359"]
[BlackElo "2225"]
[PlyCount "83"]
[EventDate "2014.??.??"]

1. d4 Nf6 2. Bg5 Ne4 3. Bh4 g5 4. f3 gxh4 5. fxe4 Bg7 6. e3 e6 7. c3 c5 8. Qg4
O-O 9. Nd2 f5 10. Qh5 cxd4 11. exd4 Qf6 12. Ngf3 fxe4 13. Nxe4 Qf4 14. Qxh4
Qxh4+ 15. Nxh4 Rf4 16. Nd6 Rxh4 17. Nxc8 Re4+ 18. Kd1 Nc6 19. Nd6 Rf4 20. Be2
Raf8 21. Bf3 b6 22. Nc4 e5 23. dxe5 Nxe5 24. Nxe5 Bxe5 25. Kc2 d6 26. Rhd1 R4f6
27. h3 Rc8 28. Rd3 Rf4 29. Rad1 Kf8 30. Rxd6 Bxd6 31. Rxd6 Rc7 32. b3 Kg7 33.
a4 h5 34. Kd3 h4 35. Rd5 Rf6 36. Rg5+ Kf8 37. Rh5 Rf4 38. Ke3 Rcf7 39. Bd5 R7f6
40. Rh8+ Ke7 41. Rh7+ Kd6 42. Rh8 1/2-1/2

[Event "ESCC 2014 - 50+ Blitz"]
[Site "Porto POR"]
[Date "2014.03.21"]
[Round "4.6"]
[White "Bogumil, Tatiana"]
[Black "Baliuniene, Margarita"]
[Result "1-0"]
[WhiteElo "2159"]
[BlackElo "1926"]
[PlyCount "77"]
[EventDate "2014.??.??"]

1. Nf3 d5 2. c4 e6 3. b3 Nf6 4. Bb2 c5 5. g3 Nc6 6. Bg2 Be7 7. O-O O-O 8. d3
Bd7 9. Nbd2 a6 10. Re1 Rb8 11. h3 b5 12. Rc1 b4 13. cxd5 exd5 14. e4 dxe4 15.
dxe4 Qc7 16. Nc4 Rfd8 17. Qc2 Be6 18. Rcd1 Rbc8 19. Kh2 Nd7 20. Bf1 Nb6 21. Ne3
a5 22. h4 Nd4 23. Nxd4 cxd4 24. Qxc7 Rxc7 25. Bxd4 Bc5 26. Bxc5 Rxd1 27. Rxd1
Nd7 28. Bd6 Rc3 29. Bb5 g6 30. Bxd7 Bxd7 31. Rd2 Be6 32. Nd5 Rc1 33. f3 Kg7 34.
Be5+ Kh6 35. g4 g5 36. h5 Rc5 37. Bd4 Rc6 38. Ne7 Rd6 39. Ng8# 1-0

[Event "ESCC 2014 - 50+ Blitz"]
[Site "Porto POR"]
[Date "2014.03.21"]
[Round "4.7"]
[White "Chireykina, Natalia"]
[Black "Bebchuk, Boris"]
[Result "1/2-1/2"]
[WhiteElo "1891"]
[BlackElo "2191"]
[PlyCount "123"]
[EventDate "2014.??.??"]

1. e4 c6 2. d4 d5 3. Nc3 dxe4 4. Nxe4 Nd7 5. Nf3 Ngf6 6. Bd3 e6 7. O-O Nxe4 8.
Bxe4 Nf6 9. Bd3 Qc7 10. c3 b6 11. Bg5 Be7 12. Qc2 Bb7 13. Rfe1 O-O-O 14. Ne5
Rhf8 15. Qe2 Nd5 16. Bxe7 Qxe7 17. Ba6 Kb8 18. a4 g5 19. Bxb7 Qxb7 20. a5 Nf4
21. Qc4 c5 22. f3 Rd5 23. axb6 axb6 24. Ra6 f6 25. Rea1 fxe5 26. Ra8+ Qxa8 27.
Rxa8+ Kxa8 28. Qa6+ Kb8 29. Qxb6+ Kc8 30. dxc5 Rf7 31. c6 Rd6 32. Qa6+ Kd8 33.
Qa8+ Kc7 34. Qb7+ Kd8 35. Qxf7 Rxc6 36. g3 Nd3 37. Qf8+ Kd7 38. Qf7+ Kd6 39.
Qf8+ Kd5 40. Qg7 Nxb2 41. Qxh7 Rxc3 42. Qe4+ Kd6 43. Qb4+ Rc5 44. Qxb2 Kc6 45.
Kf2 Rd5 46. Ke3 Kd6 47. Qb4+ Kd7 48. Qc4 Ke7 49. Qc7+ Kf6 50. g4 Rb5 51. Qd8+
Kg7 52. Qd7+ Kf6 53. Qxb5 e4 54. fxe4 Kg6 55. e5 Kh6 56. Qe8 Kh7 57. Qh5+ Kg7
58. h4 gxh4 59. Qxh4 Kg6 60. Qf6+ Kh7 61. g5 Kg8 62. Kd4 1/2-1/2

[Event "ESCC 2014 - 50+ Blitz"]
[Site "Porto POR"]
[Date "2014.03.21"]
[Round "4.8"]
[White "Morais, Vitor"]
[Black "Kasoshvili, Tsiala"]
[Result "0-1"]
[WhiteElo "1977"]
[BlackElo "2112"]
[PlyCount "71"]
[EventDate "2014.??.??"]

1. d4 Nf6 2. Nf3 e6 3. g3 b6 4. Bg2 Bb7 5. O-O d6 6. c4 Nbd7 7. Nc3 Be7 8. Qc2
h6 9. e4 e5 10. d5 a5 11. Nh4 g6 12. h3 Nc5 13. Be3 Bf8 14. Kh2 Bg7 15. Nf3 O-O
16. Nd2 Nh5 17. f4 exf4 18. gxf4 Qh4 19. Rf3 Rae8 20. Bf2 Qe7 21. Re1 Bc8 22.
Nf1 Kh7 23. f5 Be5+ 24. Kh1 Qg5 25. Be3 Qh4 26. Bf2 Qe7 27. Ng3 Nf4 28. Bxc5
bxc5 29. Ref1 Qh4 30. Qf2 Nxh3 31. Bxh3 Qxh3+ 32. Qh2 Qg4 33. fxg6+ Qxg6 34.
Qg2 Rg8 35. Rxf7+ Kh8 36. R1f3 0-1

[Event "ESCC 2014 - 50+ Blitz"]
[Site "Porto POR"]
[Date "2014.03.21"]
[Round "5.1"]
[White "Sturua, Zurab"]
[Black "Glek, Igor"]
[Result "0-1"]
[WhiteElo "2525"]
[BlackElo "2547"]
[PlyCount "152"]
[EventDate "2014.??.??"]

1. Nf3 d6 2. d4 Nf6 3. g3 g6 4. Bg2 Bg7 5. O-O O-O 6. Re1 d5 7. Bf4 c6 8. c3
Bf5 9. Nbd2 Nbd7 10. Ne5 Nh5 11. Nxd7 Qxd7 12. Be3 e5 13. dxe5 Bxe5 14. Nf3 Bg7
15. Bd4 Nf6 16. Qb3 Rfe8 17. Rad1 Qc7 18. c4 Be4 19. Qc3 Qe7 20. cxd5 Nxd5 21.
Qb3 Bxd4 22. Rxd4 Rad8 23. Red1 b6 24. R4d2 Kg7 25. h4 h6 26. a3 Qf6 27. Qa4 a5
28. Qd4 Rc8 29. Qc4 Re7 30. Rxd5 Bxd5 31. Rxd5 cxd5 32. Qxc8 Rxe2 33. b4 Qb2
34. Qc7 axb4 35. axb4 Rxf2 36. Qe5+ Qxe5 37. Nxe5 Rd2 38. b5 d4 39. Bf1 Rc2 40.
Bd3 Rc5 41. Nf3 Rc3 42. Ne1 f5 43. Kf2 Kf6 44. Ke2 Ke5 45. Nf3+ Kd5 46. Ne1 Kc5
47. Ng2 Ra3 48. Nf4 g5 49. hxg5 hxg5 50. Ne6+ Kb4 51. Nxg5 Kc3 52. Bxf5 Ra2+
53. Kf3 d3 54. Ne4+ Kd4 55. Nf2 d2 56. g4 Rb2 57. Ke2 d1=Q+ 58. Kxd1 Rxf2 59.
Ke1 Rb2 60. Bd7 Ke5 61. Kd1 Rb4 62. Kc2 Rc4+ 63. Kb3 Rd4 64. Bf5 Kd6 65. Kc3
Kc5 66. g5 Rd5 67. Bd3 Rxg5 68. Be2 Rg3+ 69. Kd2 Kd4 70. Bf1 Rf3 71. Be2 Rf2
72. Kd1 Ke3 73. Bc4 Rh2 74. Kc1 Kd4 75. Be6 Kc3 76. Kd1 Rb2 0-1

[Event "ESCC 2014 - 50+ Blitz"]
[Site "Porto POR"]
[Date "2014.03.21"]
[Round "5.2"]
[White "Gurieli, Nino"]
[Black "Fróis, António"]
[Result "0-1"]
[WhiteElo "2273"]
[BlackElo "2352"]
[PlyCount "136"]
[EventDate "2014.??.??"]

1. e4 c5 2. Nf3 g6 3. c3 d5 4. exd5 Qxd5 5. d4 Bg7 6. Na3 cxd4 7. Nb5 Qd8 8.
Bf4 Na6 9. cxd4 Nf6 10. Rc1 O-O 11. Bd3 Nd5 12. Be5 Nab4 13. a3 Nc6 14. Bxg7
Kxg7 15. O-O a6 16. Nc3 Nxc3 17. Rxc3 Be6 18. Re1 Nxd4 19. Nxd4 Qxd4 20. Re4
Qd6 21. Qc1 Rac8 22. Rh4 Rxc3 23. Qh6+ Kf6 24. Rf4+ Bf5 25. Rxf5+ Ke6 26. Qe3+
Kd7 27. bxc3 gxf5 28. g3 e6 29. Bc2 Rc8 30. Qa7 Qc7 31. Qd4+ Qd6 32. Qf6 Rf8
33. c4 Kc7 34. h4 Kb8 35. Kg2 f4 36. gxf4 Qc6+ 37. Kh2 Qxc4 38. Qe5+ Ka7 39.
Bxh7 Rd8 40. Be4 Rd4 41. Bg2 Rxf4 42. Qh8 Qd4 43. Qxd4+ Rxd4 44. Kg3 b5 45. h5
a5 46. h6 b4 47. axb4 a4 48. Bc6 a3 49. Be8 a2 50. h7 Rg4+ 51. Kxg4 a1=Q 52.
Kg5 Qg7+ 53. Kf4 Qxh7 54. Bc6 Kb6 55. b5 Qg6 56. Ke3 Qf5 57. f4 e5 58. fxe5
Qxe5+ 59. Kf2 f5 60. Kf3 Kc5 61. Kf2 Qd6 62. Kf3 Kd4 63. Kf2 Ke5 64. Kf3 Qd3+
65. Kf2 Kf4 66. b6 Qd2+ 67. Kf1 Qc1+ 68. Ke2 Qxc6 0-1

[Event "ESCC 2014 - 50+ Blitz"]
[Site "Porto POR"]
[Date "2014.03.21"]
[Round "5.3"]
[White "Strutinskaia, Galina"]
[Black "Arkell, Keith C"]
[Result "1-0"]
[WhiteElo "2286"]
[BlackElo "2433"]
[PlyCount "147"]
[EventDate "2014.??.??"]

1. d4 e6 2. c4 Bb4+ 3. Bd2 Bxd2+ 4. Qxd2 Nf6 5. Nc3 d5 6. e3 O-O 7. Nf3 Nbd7 8.
Bd3 Qe7 9. O-O a6 10. e4 dxe4 11. Nxe4 Nxe4 12. Bxe4 Nf6 13. Bc2 Rd8 14. Rad1
b5 15. b3 Bb7 16. Qf4 Bxf3 17. Qxf3 bxc4 18. bxc4 Rab8 19. Rfe1 g6 20. c5 Kg7
21. Qa3 Nd5 22. Qxa6 Nc3 23. Rd2 Qf6 24. Qc4 Nd5 25. Be4 Rb4 26. Qc2 Nf4 27. g3
Nh3+ 28. Kg2 Ng5 29. h4 Nxe4 30. Rxe4 Rdb8 31. Rf4 Qd8 32. Qe4 Ra4 33. Qe5+ Kg8
34. Kh2 Qd5 35. Qxc7 Rf8 36. Qe5 Qxe5 37. dxe5 Ra5 38. Rc4 Rc8 39. Rdc2 Rc6 40.
Kg2 Ra3 41. f3 h6 42. Kf2 Kg7 43. R4c3 Ra4 44. g4 g5 45. hxg5 hxg5 46. a3 Kg6
47. Kg3 Rd4 48. Rc4 Rd3 49. R2c3 Rd1 50. a4 Re1 51. Re4 Ra1 52. Kf2 Ra2+ 53.
Ke3 f6 54. Kd4 f5 55. gxf5+ exf5 56. Re1 Rxa4+ 57. Kd5 Rc8 58. e6 Ra2 59. c6
Rd2+ 60. Kc5 Kf6 61. e7 Kf7 62. Re5 f4 63. Rxg5 Kxe7 64. Rf5 Rd6 65. Kb6 Rb8+
66. Kc7 Rdd8 67. Re5+ Kf6 68. Re4 Rdc8+ 69. Kd6 Kg5 70. c7 Ra8 71. Rc5+ Kg6 72.
Rxf4 Rh8 73. Rc6 Rh6 74. Kd7+ 1-0

[Event "ESCC 2014 - 50+ Blitz"]
[Site "Porto POR"]
[Date "2014.03.21"]
[Round "5.4"]
[White "Kasoshvili, Tsiala"]
[Black "Kalegin, Evgenij"]
[Result "1-0"]
[WhiteElo "2112"]
[BlackElo "2433"]
[PlyCount "109"]
[EventDate "2014.??.??"]

1. d4 d6 2. Nf3 g6 3. g3 Bg7 4. Bg2 Nf6 5. O-O O-O 6. c4 Nbd7 7. Nc3 e5 8. h3
c6 9. Be3 Re8 10. dxe5 dxe5 11. Qd2 Qc7 12. Rfd1 Nf8 13. c5 Ne6 14. b4 Bf8 15.
Ng5 Ng7 16. Nge4 Nxe4 17. Nxe4 Be7 18. Bg5 Nh5 19. Bxe7 Qxe7 20. Nd6 Rd8 21. e4
Be6 22. Qc3 f6 23. Rd2 Rf8 24. Rad1 Ng7 25. a3 h5 26. Kh2 h4 27. g4 Ne8 28. Qe3
g5 29. Bf1 Nc7 30. Qc3 Rab8 31. Bc4 Kh8 32. Qb3 Bxc4 33. Qxc4 Qe6 34. Qd3 a6
35. Nf5 Nb5 36. a4 Nd4 37. Nxd4 exd4 38. Qxd4 Rbe8 39. f3 Rf7 40. Qd6 Qb3 41.
Kg2 Qxb4 42. e5 Rxe5 43. Qb8+ Kg7 44. Rd8 Re2+ 45. Kf1 Qc4 46. Rg8+ Kh7 47.
Rh8+ Kg6 48. Qg8+ Rg7 49. Qxc4 Re3 50. Qc2+ Kf7 51. Rd7+ Ke6 52. Rxg7 Rxf3+ 53.
Kg2 Rg3+ 54. Kh2 Ke5 55. Re8+ 1-0

[Event "ESCC 2014 - 50+ Blitz"]
[Site "Porto POR"]
[Date "2014.03.21"]
[Round "5.5"]
[White "Furman, Boris"]
[Black "Bogumil, Tatiana"]
[Result "1-0"]
[WhiteElo "2225"]
[BlackElo "2159"]
[PlyCount "107"]
[EventDate "2014.??.??"]

1. d4 Nf6 2. c4 c5 3. d5 b5 4. cxb5 a6 5. bxa6 Bxa6 6. Nc3 d6 7. e4 Bxf1 8.
Kxf1 g6 9. g3 Bg7 10. Kg2 O-O 11. Nf3 Nbd7 12. Re1 Ng4 13. Bf4 Qb6 14. Re2 Qa6
15. Rc1 Rfb8 16. b3 Rb7 17. h3 Nge5 18. Nxe5 Bxe5 19. Be3 Rb4 20. f3 Qa5 21.
Bf2 Bg7 22. f4 Bxc3 23. Rxc3 Rxe4 24. Rxe4 Qxc3 25. Rxe7 Nf6 26. Re2 Qb4 27.
Qd3 Qb7 28. Rd2 Re8 29. f5 Ne4 30. Re2 gxf5 31. g4 Qd7 32. Qf3 fxg4 33. hxg4 f5
34. Qxf5 Qxf5 35. gxf5 Kf7 36. Bh4 Nc3 37. Re6 Nxa2 38. Rxd6 Nb4 39. Rd7+ Kg8
40. f6 Rf8 41. Kf3 h5 42. Ke4 Rf7 43. Rd8+ Kh7 44. Kf5 Rb7 45. d6 Nc6 46. Rc8
Nd4+ 47. Kg5 Rxb3 48. d7 Ne6+ 49. Kf5 Rd3 50. Kxe6 Kg6 51. Rg8+ Kh7 52. d8=Q
Rxd8 53. Rxd8 c4 54. f7 1-0

[Event "ESCC 2014 - 50+ Blitz"]
[Site "Porto POR"]
[Date "2014.03.21"]
[Round "5.6"]
[White "Ferreira, Paulo"]
[Black "Chireykina, Natalia"]
[Result "1-0"]
[WhiteElo "2073"]
[BlackElo "1891"]
[PlyCount "171"]
[EventDate "2014.??.??"]

1. d4 Nf6 2. c3 g6 3. f3 d5 4. Bg5 Bg7 5. Nd2 Nbd7 6. e4 c6 7. e5 Ng8 8. f4 Nf8
9. Bh4 Nh6 10. Bd3 Bf5 11. Nb3 Bxd3 12. Qxd3 Nf5 13. Bf2 Ne6 14. g3 O-O 15. Nf3
Rc8 16. h4 h5 17. Ng5 b6 18. Rd1 Nh6 19. Nxe6 fxe6 20. Qxg6 Qe8 21. Qxe6+ Kh8
22. Qh3 Ng4 23. O-O Qg6 24. Qg2 Bh6 25. Nd2 Rg8 26. Nf3 Qc2 27. Rd2 Qe4 28. Ng5
Bxg5 29. Qxe4 dxe4 30. fxg5 e3 31. Bxe3 Nxe3 32. Rf7 Rce8 33. Rd3 Ng4 34. Rdf3
Rg7 35. e6 Rg6 36. Rf8+ Rxf8 37. Rxf8+ Kg7 38. Rf7+ Kg8 39. Rxe7 Kf8 40. Rf7+
Ke8 41. Rxa7 Rxe6 42. Rc7 Re1+ 43. Kg2 Re2+ 44. Kf3 Rxb2 45. Rxc6 Rxa2 46. g6
Ra7 47. c4 Rg7 48. d5 Ne5+ 49. Ke4 Nxc6 50. dxc6 Kd8 51. Kf5 Kc7 52. Kf6 Rg8
53. Kf7 Ra8 54. g7 Kxc6 55. g8=Q Rxg8 56. Kxg8 Kc5 57. Kg7 Kxc4 58. Kg6 b5 59.
Kxh5 b4 60. g4 b3 61. g5 b2 62. Kg6 b1=Q+ 63. Kh6 Qf5 64. h5 Qf4 65. Kg6 Qd6+
66. Kh7 Kd5 67. g6 Qh2 68. h6 Qc7+ 69. g7 Qf7 70. Kh8 Qe8+ 71. g8=Q+ Qxg8+ 72.
Kxg8 Ke6 73. h7 Kf5 74. h8=Q Ke4 75. Qh3 Kd5 76. Kf7 Ke5 77. Qg4 Kd5 78. Qf4
Kc6 79. Qe5 Kd7 80. Kf6 Kc6 81. Ke6 Kb7 82. Qc5 Ka6 83. Kd7 Kb7 84. Qb5+ Ka8
85. Kc6 Ka7 86. Qb7# 1-0

[Event "ESCC 2014 - 50+ Blitz"]
[Site "Porto POR"]
[Date "2014.03.21"]
[Round "5.7"]
[White "Baliuniene, Margarita"]
[Black "Fernandes, António"]
[Result "0-1"]
[WhiteElo "1926"]
[BlackElo "2359"]
[PlyCount "74"]
[EventDate "2014.??.??"]

1. d4 Nf6 2. c4 c5 3. d5 e6 4. Nc3 exd5 5. cxd5 d6 6. e4 g6 7. Nf3 Bg7 8. Be2
O-O 9. O-O Na6 10. a3 Re8 11. Qc2 Bg4 12. h3 Bxf3 13. Bxf3 c4 14. Re1 Nc5 15.
Bf4 Nd3 16. Bg3 Nxe1 17. Rxe1 a6 18. Ne2 Rc8 19. Nd4 Nxd5 20. Ne2 Nf6 21. Rd1
Qb6 22. Rxd6 Qb3 23. Qxb3 cxb3 24. Rb6 Nxe4 25. Rxb3 Nd2 26. Rxb7 Nxf3+ 27.
gxf3 Rxe2 28. b4 Be5 29. f4 Bd4 30. Rd7 Bxf2+ 31. Bxf2 Rc1+ 32. Kg2 Rcc2 33.
Rd6 Rxf2+ 34. Kg3 Rfd2 35. Rxa6 Rc3+ 36. Kg4 Rg2+ 37. Kh4 Rc4 0-1

[Event "ESCC 2014 - 50+ Blitz"]
[Site "Porto POR"]
[Date "2014.03.21"]
[Round "5.8"]
[White "Mednikova, Svetlana"]
[Black "Morais, Vitor"]
[Result "1/2-1/2"]
[WhiteElo "2125"]
[BlackElo "1977"]
[PlyCount "45"]
[EventDate "2014.??.??"]

1. e4 c5 2. Nf3 Nc6 3. Bb5 Nd4 4. Nxd4 cxd4 5. O-O a6 6. Bc4 e6 7. d3 b5 8. Bb3
Bb7 9. a4 Bc5 10. axb5 axb5 11. Rxa8 Qxa8 12. Qg4 g6 13. Bf4 Qc8 14. Nd2 Qc6
15. Qg3 f6 16. Nb1 Ne7 17. Bh6 Kf7 18. h4 Rg8 19. Nd2 f5 20. Nf3 Bd6 21. e5 Bc5
22. Ng5+ Ke8 23. Nf3 1/2-1/2

[Event "ESCC 2014 - 50+ Blitz"]
[Site "Porto POR"]
[Date "2014.03.21"]
[Round "6.1"]
[White "Glek, Igor"]
[Black "Fróis, António"]
[Result "0-1"]
[WhiteElo "2547"]
[BlackElo "2352"]
[PlyCount "67"]
[EventDate "2014.??.??"]

1. e4 c5 2. Nf3 g6 3. c3 d5 4. e5 Bg7 5. h3 Nc6 6. Bb5 Bd7 7. a4 Nxe5 8. Nxe5
Bxe5 9. O-O Bg7 10. Re1 Nf6 11. d4 cxd4 12. cxd4 O-O 13. Nc3 a6 14. Bf1 Be6 15.
a5 Rc8 16. Qb3 Qd7 17. Na4 Qc6 18. Nc5 Ne4 19. Nxe6 Qxe6 20. Be3 Qd7 21. Rac1
e6 22. Qb6 Rxc1 23. Rxc1 Rc8 24. Rxc8+ Qxc8 25. b4 Bf6 26. b5 Bd8 27. Qa7 Bxa5
28. bxa6 bxa6 29. Bxa6 Qc7 30. Qa8+ Kg7 31. Be2 Bd2 32. Bxd2 Nxd2 33. Qa1 Qc2
34. Bb5 0-1

[Event "ESCC 2014 - 50+ Blitz"]
[Site "Porto POR"]
[Date "2014.03.21"]
[Round "6.2"]
[White "Arkell, Keith C"]
[Black "Sturua, Zurab"]
[Result "1-0"]
[WhiteElo "2433"]
[BlackElo "2525"]
[PlyCount "91"]
[EventDate "2014.??.??"]

1. d4 Nf6 2. Nf3 g6 3. c4 Bg7 4. g3 O-O 5. Bg2 d5 6. cxd5 Nxd5 7. Nc3 Nb6 8.
O-O Nc6 9. e3 Re8 10. b3 e5 11. Nxe5 Nxe5 12. dxe5 Qxd1 13. Rxd1 Bxe5 14. Bb2
c6 15. h3 h5 16. Rd2 Be6 17. Ne4 Bxb2 18. Rxb2 Red8 19. Nc5 Rab8 20. Nxe6 fxe6
21. Rc1 Rd6 22. Be4 Kf7 23. Kg2 Rbd8 24. Rcc2 Kf6 25. h4 Nd5 26. a3 Nc7 27. b4
Nd5 28. a4 R8d7 29. b5 cxb5 30. Rxb5 b6 31. a5 a6 32. Rb1 b5 33. Rbc1 g5 34.
hxg5+ Kxg5 35. Rc8 Ne7 36. R1c5+ Nd5 37. Rg8+ Kf6 38. Rh8 Kg5 39. f4+ Kf6 40.
Kf3 b4 41. Rxh5 Nc3 42. Bc2 Rd2 43. Bb3 Nd5 44. Rh6+ Ke7 45. Rc6 Nc7 46. Bxe6
1-0

[Event "ESCC 2014 - 50+ Blitz"]
[Site "Porto POR"]
[Date "2014.03.21"]
[Round "6.3"]
[White "Strutinskaia, Galina"]
[Black "Furman, Boris"]
[Result "1-0"]
[WhiteElo "2286"]
[BlackElo "2225"]
[PlyCount "63"]
[EventDate "2014.??.??"]

1. d4 Nf6 2. c4 e6 3. Nc3 Bb4 4. f3 d5 5. a3 Bxc3+ 6. bxc3 c5 7. cxd5 exd5 8.
e3 c4 9. a4 O-O 10. Ne2 Re8 11. Ng3 Nc6 12. Be2 Na5 13. O-O Nb3 14. Ra2 Qe7 15.
e4 Nxc1 16. Qxc1 dxe4 17. Bxc4 exf3 18. Rxf3 Qe1+ 19. Rf1 Qxc1 20. Rxc1 Bd7 21.
a5 Rac8 22. Bb3 Re3 23. Rac2 Ne4 24. Nxe4 Rxe4 25. Bd5 Re7 26. Bxb7 Rc7 27. a6
Bc6 28. d5 Bxb7 29. d6 Bxa6 30. Ra1 Bd3 31. Rd2 Bb5 32. dxc7 1-0

[Event "ESCC 2014 - 50+ Blitz"]
[Site "Porto POR"]
[Date "2014.03.21"]
[Round "6.4"]
[White "Gurieli, Nino"]
[Black "Ferreira, Paulo"]
[Result "1-0"]
[WhiteElo "2273"]
[BlackElo "2073"]
[PlyCount "141"]
[EventDate "2014.??.??"]

1. e4 c5 2. Nf3 d6 3. c3 Nf6 4. e5 dxe5 5. Nxe5 e6 6. Bb5+ Nbd7 7. O-O Bd6 8.
d4 cxd4 9. Qxd4 Qc7 10. Bf4 Bxe5 11. Bxe5 Qb6 12. Bxf6 gxf6 13. Qxf6 Rg8 14.
Na3 Qxb5 15. Nxb5 Nxf6 16. Nc7+ Ke7 17. Nxa8 Bd7 18. Nc7 Rc8 19. Nxe6 Bxe6 20.
f3 Nd5 21. Kf2 Nf4 22. Rfd1 Bc4 23. b3 Ba6 24. c4 b5 25. Rd4 Ne6 26. Rh4 bxc4
27. bxc4 Bxc4 28. Rc1 Rb8 29. Rhxc4 Rb2+ 30. R1c2 Rb7 31. f4 Kf6 32. g4 h5 33.
h3 hxg4 34. hxg4 Rb1 35. Rc6 Kg7 36. R6c4 Rh1 37. f5 Ng5 38. Kg3 Re1 39. Rc7
Ne4+ 40. Kf4 Nf6 41. g5 Nd5+ 42. Kg4 Ne3+ 43. Kf3 Nxc2 44. Rxc2 Re5 45. Kf4 Ra5
46. Rh2 Ra4+ 47. Kf3 Ra5 48. Kg4 Ra4+ 49. Kh5 Kf8 50. Re2 Rf4 51. f6 Rf1 52.
Kg4 Rg1+ 53. Kf5 Rf1+ 54. Ke5 Rg1 55. Kf4 Rf1+ 56. Ke4 Rg1 57. Rc2 Kg8 58. Rc5
Rf1 59. Ra5 Re1+ 60. Kd5 Rd1+ 61. Kc6 Rc1+ 62. Kb7 Rd1 63. Kxa7 Rd7+ 64. Kb6
Kh7 65. Re5 Kg6 66. a4 Rd2 67. a5 Rb2+ 68. Rb5 Re2 69. a6 Re8 70. a7 Kh5 71.
Kb7 1-0

[Event "ESCC 2014 - 50+ Blitz"]
[Site "Porto POR"]
[Date "2014.03.21"]
[Round "6.5"]
[White "Bebchuk, Boris"]
[Black "Kasoshvili, Tsiala"]
[Result "0-1"]
[WhiteElo "2191"]
[BlackElo "2112"]
[PlyCount "92"]
[EventDate "2014.??.??"]

1. d4 Nf6 2. c4 e6 3. a3 b6 4. Nc3 Bb7 5. d5 e5 6. e4 d6 7. Nf3 g6 8. Be2 Bg7
9. O-O O-O 10. b4 Nbd7 11. Nd2 a5 12. Bb2 Qe7 13. Nb3 axb4 14. axb4 h6 15. Qc2
Nh7 16. Nb5 c6 17. Na7 c5 18. bxc5 dxc5 19. Rfd1 f5 20. f3 Ng5 21. Nb5 Nf7 22.
Rxa8 Rxa8 23. Ra1 Rxa1+ 24. Bxa1 Ba6 25. Na7 fxe4 26. fxe4 Qh4 27. Nd2 Qe1+ 28.
Bf1 Qxa1 29. Nc6 Ng5 30. h3 Kh7 31. Kh2 Nf6 32. Be2 Bc8 33. Qb3 Qe1 34. Qe3 Ba6
35. Qd3 Bc8 36. Ne7 Bd7 37. d6 Ne6 38. Bf3 Nf4 39. Qc2 Qe3 40. Nb1 N6h5 41. Nc3
Nd3 42. Ncd5 Qd4 43. Qd2 Nhf4 44. Qa2 Qf2 45. Qa7 Ne1 46. Qxd7 Nxf3+ 0-1

[Event "ESCC 2014 - 50+ Blitz"]
[Site "Porto POR"]
[Date "2014.03.21"]
[Round "6.6"]
[White "Kalegin, Evgenij"]
[Black "Fernandes, António"]
[Result "0-1"]
[WhiteElo "2433"]
[BlackElo "2359"]
[PlyCount "116"]
[EventDate "2014.??.??"]

1. e4 e5 2. Bc4 Nc6 3. Nf3 Bc5 4. c3 Nf6 5. d3 a6 6. Bb3 d6 7. O-O Ba7 8. Nbd2
O-O 9. h3 Be6 10. Re1 h6 11. Nf1 Re8 12. Ng3 d5 13. Qe2 Qd7 14. Bd2 Rad8 15.
Rad1 dxe4 16. dxe4 Bxb3 17. axb3 Qe6 18. b4 Ne7 19. Be3 Bxe3 20. Qxe3 Ng6 21.
Qa7 Qc6 22. Qc5 Qxc5 23. bxc5 Kf8 24. b4 Ng8 25. Nd2 Nf4 26. Nc4 f6 27. Nf5
Ne2+ 28. Kf1 Nxc3 29. Ra1 g6 30. Ng3 c6 31. Nd6 Re7 32. Rec1 Nb5 33. Nxb5 axb5
34. Rd1 Red7 35. Rxd7 Rxd7 36. Ke2 h5 37. h4 Nh6 38. f3 Nf7 39. Nf1 Nd8 40. Ra8
Ke7 41. g3 Ne6 42. Rg8 Kf7 43. Rb8 Nd4+ 44. Kf2 Nc2 45. Ne3 Rd2+ 46. Kg1 Nxe3
47. Rxb7+ Ke8 48. Rc7 Nc2 49. Rxc6 Ke7 50. Rc7+ Rd7 51. Rc8 Nxb4 52. c6 Ra7 53.
Rg8 Nxc6 54. Rxg6 Kf7 55. Rh6 Kg7 56. Rxh5 b4 57. g4 b3 58. g5 b2 0-1

[Event "ESCC 2014 - 50+ Blitz"]
[Site "Porto POR"]
[Date "2014.03.21"]
[Round "6.7"]
[White "Chireykina, Natalia"]
[Black "Mednikova, Svetlana"]
[Result "1/2-1/2"]
[WhiteElo "1891"]
[BlackElo "2125"]
[PlyCount "44"]
[EventDate "2014.??.??"]

1. Nf3 d5 2. g3 Nc6 3. d4 Bg4 4. Bg2 Qd7 5. O-O O-O-O 6. Nbd2 Bh3 7. c4 Bxg2 8.
Kxg2 dxc4 9. Nxc4 Nxd4 10. Nce5 Qe6 11. Qa4 a6 12. Bf4 Nxf3 13. exf3 f6 14. Nc4
Qd7 15. Qc2 Qc6 16. Rac1 e5 17. Qf5+ Kb8 18. Be3 Qd7 19. Qc2 Ne7 20. Rfd1 Qc8
21. Rxd8 Qxd8 22. Na5 Nd5 1/2-1/2

[Event "ESCC 2014 - 50+ Blitz"]
[Site "Porto POR"]
[Date "2014.03.21"]
[Round "6.8"]
[White "Morais, Vitor"]
[Black "Baliuniene, Margarita"]
[Result "1-0"]
[WhiteElo "1977"]
[BlackElo "1926"]
[PlyCount "95"]
[EventDate "2014.??.??"]

1. b3 d5 2. Bb2 c5 3. e3 e6 4. Nf3 Nf6 5. Ne5 Be7 6. f4 Nc6 7. Bb5 Qc7 8. O-O
O-O 9. Bxc6 bxc6 10. d3 Rd8 11. Nd2 Ba6 12. Rf3 d4 13. e4 Bd6 14. Ndc4 Bxc4 15.
Nxc4 Bxf4 16. Qe2 Bxh2+ 17. Kh1 Bf4 18. Raf1 Bh6 19. e5 Nd5 20. Rxf7 Qxf7 21.
Rxf7 Kxf7 22. Qh5+ Kg8 23. Qg4 Re8 24. Nd6 Re7 25. Ba3 Nb4 26. Bxb4 cxb4 27.
Qxd4 Rf8 28. g3 g6 29. Qxb4 Rf1+ 30. Kg2 Rd1 31. Ne4 Rf7 32. Qb8+ Rf8 33. Nf6+
Kh8 34. Qc7 Bg7 35. Qxc6 Bxf6 36. exf6 Rxf6 37. Qa8+ Kg7 38. Qxa7+ Kh6 39. Qe3+
g5 40. a4 Ra1 41. Qe5 Kg6 42. Qxa1 g4 43. a5 Rf7 44. a6 Ra7 45. Qa5 Kf6 46. Qb5
e5 47. Qb6+ Kf5 48. Qxa7 1-0